000 00298nam a22001337a 4500
008 170601b xxu||||| |||| 00| 0 eng d
020 _a39431638-X
041 _aeng
080 _24TH
_a94(4)
100 _a17
101 _aSHH
245 _aTWENTIETH CENTURY EUROPE
_cBLACK,C.E
942 _2udc
_cBK
999 _c15200
_d15200